Citations célèbres de l'Histoire - Statistiques

Statistiques générales
  • Ce quiz a été pris 569 fois
  • Le résultat moyen est 5 sur 10
Statistiques - réponses
Hint Réponse % Correct
« I have a dream » Martin Luther King
98%
« Alea Jacta Est » Jules César
93%
« Ich bin ein Berliner. » John Fitzgerald Kennedy
77%
« Les paroles s'en vont,mais les écrits restent. » Alphonse de Lamartine
60%
« Les Français sont des veaux ! » Charles de Gaulle
48%
« Ils peuvent être mes bourreaux,ils ne seront jamais mes juges. » Marie-Antoinette d'Autriche
47%
« Si je n'y suis,que Dieu veuille m'y mettre. Si j'y suis,que Dieu veuille m'y tenir. » Jeanne d'Arc
45%
« Je m'en vais,mais l'État demeurera toujours en ma personne. » Louis XIV
45%
« Le jour où la France coupa la tête à son Roi,elle commit un suicide. » Ernest Renan
17%
« C'est une chose étrange que la légèreté des français. » Louis XIII
17%
Aucun quiz correspondant
Distribution des résultats
% des personnes avec chaque résultat
Percentile par nombre de réponses
Votre historique - résultats
Vous n’avez pas pris ce quiz